01671nam a2200289 a 4500001001000000005001700010008004100027041000800068044000700076084002100083100004500104245008700149260004700236300002200283500024100305500023600546500024300782500001101025546002401036650005201060650005601112650003401168650004501202700004201247700004201289740005001331BRCA_295820190320204039.0161208s1892----gw-a---###---#000-0dger-u ager agw a299b.F758c18921 aCervantes Saavedra, Miguel ded1547-161610aDer sinnreiche Junker Don Quixote von la Manchacvon Miguel de Cervantes Saavedra. aStuttgartbFritschische Buchhandlungc1892 a2 v.bil.c21 cm. aContenido : v 1. Primera parte. Retrato de Cervantes. Noticia sobre la vida y obra de Cervantes basada en la escrita por Viardot. Introducción por H. Heine. Prólogo del autor. Texto. -- v 2. Segunda parte. Prólogo del autor. Texto aEdición : Aus dem Spanischen Übersetzt mit dem Leben von Miguel Cervantes nach Viardot und einer Einleitung von Heirich Heine. Vierte Durchgesehen Auflage. Mit 120 Illustratione nach Tony Johannot Gezeichnet von C. Offterdinger aReimpresion de la edición publicada por la Casa editorial de Dennig Finck und Co., en 1842, pero mejor presentada e impresa. Tela; lomeras y cubiertas decoradas con adornos dorados y motivos quijotiles en varios colores Lúdovik Osterc aQM1110 aTexto en : alemán14aNovela españolayÉpoca clásica, 1500-170014aLiteratura españolayÉpoca clásica, 1500-170014aNovela españolaySiglo XVII14aDon Quijote (Personaje ficticio)eNovela1 aJohannot, Tonyd1803-1852eIlustrador1 aViardot, Louisd1800-1883eBiógrafo0 aEl Ingenioso Hidalgo Don Quijote de la Mancha